| 000 | 00728nam a22002417i 4500 | ||
|---|---|---|---|
| 001 | IT\ICCU\TO0\2107045 | ||
| 003 | ItRI | ||
| 005 | 20260308170729.0 | ||
| 008 | 221008s2022 it |||||| ||||| |||||c | ||
| 020 | _a9788856682090 | ||
| 040 |
_bita _cCentro di documentazione Omologie (CIG Arcigay Milano) |
||
| 041 | 7 |
_aita _2ISO-639-2 |
|
| 082 |
_a853.92 _223 |
||
| 100 | 1 |
_aCapria, Carolina _0IT\ICCU\CAGV\665970 _4aut |
|
| 240 | 1 | 0 |
_aQuesta sono io _9Capria, Carolina |
| 245 | 1 | 0 |
_aQuesta sono io / _cCarolina Capria. |
| 260 |
_aMilano : _bPiemme, _c2022 |
||
| 300 |
_a173 p. ; _c22 cm |
||
| 830 | 3 |
_aIl battello a vapore. Luna _0IT\ICCU\UBO\4612764 |
|
| 942 |
_2ddc _cBK _n0 |
||
| 981 | 1 |
_6z01 _ai _bxxxe |
|
| 982 | 1 |
_6z01 _an |
|
| 999 |
_c28894 _d28894 |
||